Tiếng lóng là âm thanh gì vậy?
Enregistré dans:
| Format: | Livre |
|---|---|
| Tags: |
Ajouter un tag
Pas de tags, Soyez le premier à ajouter un tag!
|
| Thư viện lưu trữ: | Mạng thư viện Đại học Đà Nẵng |
|---|
| LEADER | 00410nam a22001691a 4500 | ||
|---|---|---|---|
| 001 | 000039672 | ||
| 003 | 15967 | ||
| 005 | 20160412022632.0 | ||
| 008 | 160412s0 000 | ||
| 082 | |a 4N(TK)290 | ||
| 245 | |a Tiếng lóng là âm thanh gì vậy? | ||
| OWN | |a LNN | ||
| 999 | |a From the UDN01 | ||
| TYP | |a Monograph | ||
| 980 | |a Mạng thư viện Đại học Đà Nẵng | ||